Statistics for Dragon Ball Addition Quiz

Click here to take the quiz!

General Stats

  • This quiz has been taken 739 times
  • The average score is 8 of 16

Answer Stats

HintAnswer% Correct
Trunks + Goten =Gotenks
98%
Goku + Vegeta =Vegito
98%
Goku + Vegeta =Gogeta
96%
Hell Fighter 17 + Android 17 =Super 17
64%
Supreme Kai + Kibito =Kibito Kai
63%
Majin Buu + Evil Buu =Super Buu
59%
Android 13 + Android 14 + Android 15 =Super Android 13
49%
Syn Shenron + Dragon Balls =Omega Shenron
48%
Former Supreme Kai + Old Witch =Old Kai
43%
Majin Buu + Uub =Majuub
41%
Tien + Yamcha =Tiencha
37%
Mr. Satan + Goku =Gokule
34%
Piccolo + Kami =Kamiccolo
34%
Abo + Kado =Aka
14%
Piccolo + Krillin =Prilin
14%
Nezi + Ribet + Bizu + Natt =Super Mega Cannon Sigma
4%

Score Distribution

Percentile by Number Answered

Percent of People with Each Score

Your Score History

You have not taken this quiz